Normal view
MARC view
- Wästerfors, David
Entry Personal Name
001 - CONTROL NUMBER
- control field: 130914
003 - CONTROL NUMBER IDENTIFIER
- control field: NUST
005 - DATE AND TIME OF LATEST TRANSACTION
- control field: 20251006133717.0
008 - FIXED-LENGTH DATA ELEMENTS
- fixed length control field: 251006|| aca||aabn | a|a d
040 ## - CATALOGING SOURCE
- Original cataloging agency: NUST
- Transcribing agency: NUST
100 ## - HEADING--PERSONAL NAME
- Personal name: Wästerfors, David
670 ## - SOURCE DATA FOUND
- Source citation: Work cat.: (NUST)0: Accessibility denied. understanding inaccessibility and everyday resistance to inclusion for persons with disabilities /
